000 00677nam a2200205Ii 4500
003 JO-AjNU
008 230605s9999||||xx |||||||||||||| ||und||
040 _aJO-AjNU
_bara
_erda
_cJO-AjNU
041 _aara
050 1 4 _aRM666.28.H5448 1992
100 3 _aالحلو، سمير اسماعيل,
_eauthor
_935745
245 0 0 _aالطبيب فوائده الصحية والنفسية والاجتماعية
250 _aط1
264 3 1 _aبغداد:مكتبة دار التراث،1992
300 _a58ص
336 _atext
_btxt
_2rdacontent
337 _aunmediated
_bn
_2rdamedia
338 _avolume
_bnc
_2rdacarrier
650 4 _aالطبيب-اخلاقيات
_935746
999 _aA14787
_c18355
_d18355